Where the buck stops : the dollar, democracy, and the Bank of Canada /

Bibliographic Details
Main Author: Babad, Michael
Other Authors: Mulroney, Catherine
Format: Book
Language:English
Published: Toronto, Canada : Stoddart, 1995.
Subjects:

MARC

Tag First Indicator Second Indicator Subfields
LEADER 00000cam a2200000 a 4500
001 in00001308521
005 20151005062027.0
008 941107s1995 onc b 001 0 eng c
010 |a cn 95930051  
015 |a C95-930051-1 
020 |a 0773728643 :  |c $29.95 
035 |a (OCoLC)31779632 
035 |9 AHB6006AM 
040 |a CaOTU  |b eng  |c NLC  |d IXA  |d TXA  |d UtOrBLW 
042 |a pcc 
043 |a n-cn--- 
049 |a TXAM 
055 1 |a HG2706 
082 0 0 |a 332.1/1/0971  |2 20 
090 |a HG2706  |b .B33 1995 
100 1 |a Babad, Michael. 
245 1 0 |a Where the buck stops :  |b the dollar, democracy, and the Bank of Canada /  |c Michael Babad and Catherine Mulroney. 
264 1 |a Toronto, Canada :  |b Stoddart,  |c 1995. 
300 |a xiii, 270 pages ;  |c 25 cm. 
336 |a text  |b txt  |2 rdacontent 
337 |a unmediated  |b n  |2 rdamedia 
338 |a volume  |b nc  |2 rdacarrier 
504 |a Includes bibliographical references (pages 255-257) and index. 
610 2 0 |a Bank of Canada. 
650 0 |a Monetary policy  |z Canada. 
700 1 |a Mulroney, Catherine. 
999 |a MARS 
999 f f |s 11edc49e-c5ef-30dc-9b28-ca5a2b8489e1  |i 71398447-bde7-3238-aec0-4a74da48b265  |t 0 
952 f f |p ric  |a Texas A&M University  |b Rellis Campus  |c Joint Library Facility  |d Remote Storage  |t 0  |e HG2706 .B33 1995  |h Library of Congress classification  |i unmediated -- volume  |m A14820173252 
998 f f |a HG2706 .B33 1995  |t 0  |l Remote Storage